| 000 | 00866nam a22001817a 4500 | ||
|---|---|---|---|
| 005 | 20240229145213.0 | ||
| 010 | _aHIN-126889 | ||
| 020 |
_a9788175558984 _c1500.00 |
||
| 035 | _aHN-99235 | ||
| 037 | _bDBAD/PUB | ||
| 082 | _a220.25 | ||
| 100 |
_aयोगेन्द्र सिंह _962614 |
||
| 245 |
_aवैदिक साहित्य और वैज्ञानिकता/ _cयोगेन्द्र सिंह |
||
| 260 |
_aनई दिल्ली _bयूनिवर्सिटी पब्लिकेशन _c2021 |
||
| 270 |
_a22/4735प्रकाश दीप बिल्डिंग अंसारी रोड दरियागंज _bनई दिल्ली _e110002 |
||
| 300 |
_a291पृष्ट.; _c23 सेमी (सजिल्द) |
||
| 942 |
_cHN _2ddc _h220.25 _mयोगेन्द्र |
||
| 999 |
_c201147 _d201147 |
||